000
00244nam a2200097Ia 4500
001
683959
005
20250826161448.0
008
250824s9999 xx 000 0 und d
245
0
_a
YA TAHAMMÜL YA SEFER
_c
MUSTAFA KUTLU
260
_b
DERGAH YAYINLARI
999
_c
683959
_d
683959